Quarterly Economic and Fiscal Bulletin of the Czech Republic. 6 <The> 1995 State Budget Report

Vývoj hospodárstva ČR v r. 1995. Vývoj hrubého domáceho produktu, cien, nezamestnanosti a platobnej bilancie. Štátny a miestny rozpočet. Štátny dlh. Makroekonomické ukazovatele (tabuľky).

Saved in:
Bibliographic Details
Format: Book Chapter
Language:English
Subjects:
Tags: Add Tag
No Tags, Be the first to tag this record!

MARC

LEADER 00000naa a2200000 4500
001 r022599
005 20230922091240.6
041 0 |a eng 
044 |a CZ 
245 1 0 |a Quarterly Economic and Fiscal Bulletin of the Czech Republic. 6  |b <The> 1995 State Budget Report 
520 |a Vývoj hospodárstva ČR v r. 1995. Vývoj hrubého domáceho produktu, cien, nezamestnanosti a platobnej bilancie. Štátny a miestny rozpočet. Štátny dlh. Makroekonomické ukazovatele (tabuľky). 
610 2 0 |a hospodárstvo národné 
610 2 0 |a Česko 
610 2 0 |a 1995 
610 2 0 |a produkt domáci hrubý 
610 2 0 |a ceny 
610 2 0 |a nezamestnanosť 
610 2 0 |a bilancia platobná 
610 2 0 |a dane 
610 2 0 |a deficit 
610 2 0 |a rozpočet štátny 
610 2 0 |a rozpočet miestny 
610 2 0 |a dlhy štátne 
610 2 0 |a ukazovatele ekonomické 
610 2 0 |a makroekonomika 
610 2 0 |a výroba 
610 2 0 |a zamestnanosť 
610 2 0 |a inflácia